Loading...
| Mythology | 0 | 2 | 0 | 0 | 20 | 49 | 55.50 | 0 | 2 | 10.35 | 15.91 |
| Literature - American | 0 | 1 | 0 | 0 | 10 | 107 | 107.00 | 0 | 1 | 2.14 | 5.68 |
| Literature - British | 0 | 1 | 0 | 0 | 10 | 46 | 46.00 | 0 | 1 | 6.23 | 7.27 |
| Other Academic | 0 | 1 | 0 | 1 | 10 | 99 | 99.00 | 0 | 0 | 8.89 | 13.33 |
| Social Science | 0 | 1 | 0 | 0 | 10 | 81 | 81.00 | 0 | 0 | 2.27 | 3.64 |
| Fine Arts - Other | 0 | 1 | 0 | 0 | 10 | 61 | 61.00 | 1 | 1 | 4.98 | 9.09 |
| Science - Biology | 0 | 1 | 0 | 1 | 10 | 100 | 100.00 | 0 | 0 | 1.12 | 4.55 |
| Science - Other | 0 | 1 | 0 | 1 | 10 | 124 | 124.00 | 0 | 0 | 0.00 | 1.82 |
| Popular Culture | 0 | 0 | 1 | 0 | -5 | 0.00 | 0 | 0 | 0.00 | 0.00 |